| 000 | 01065cam a22002174a 4500 | ||
|---|---|---|---|
| 005 | 20250605164207.0 | ||
| 008 | 250528s ||||||||||||||||||||||||d | ||
| 035 | _a20097 | ||
| 020 | _a74129564 | ||
| 040 |
_aGR-AtMCL _bgre _dGR-AtMCL _eAACR2 |
||
| 245 | 1 | _aBrookings Papers on Economic Activity / Microeconomics 1995 | |
| 260 |
_bBrookings Institution, _c1995 |
||
| 300 | _a360 | ||
| 520 | _aOld Dogs and New Tricks: Determinants of the Adoption of Productivity-Enhancing Work Practices, Exporters and Jobs and Wages in U.S. Manufacturing: 1967-1987, Participation and Productivity: A comparison of worker Cooperatives and Conventional Firms in the Plywood Industry, The Information-Intergrated Channel: A Study of the U.S. Apparel Industry, A Bayesian Learning Model Fitted to a Variety of Empirical Learning Curves, Efficiency in Manufacturing and the Need for Global Competition. | ||
| 700 | 1 |
_aBaily Martin Neil _96139 |
|
| 700 | 1 |
_aReiss Peter C _96140 |
|
| 700 | 1 |
_aWinston Clifford _96141 |
|
| 942 | _cBK | ||
| 999 |
_c5236 _d5236 |
||